Between hammer and sickle / (Record no. 3074)

MARC details
000 -LEADER
fixed length control field 00829nam a2200289Ii 4500
001 - CONTROL NUMBER
control field 7506
003 - CONTROL NUMBER IDENTIFIER
control field GBCCL
005 - DATE AND TIME OF LATEST TRANSACTION
control field 20241126110446.0
008 - FIXED-LENGTH DATA ELEMENTS--GENERAL INFORMATION
fixed length control field 801016s1972 cau 00010aeng d
010 ## -
-- 72096221
020 ## - INTERNATIONAL STANDARD BOOK NUMBER
International Standard Book Number 0340149892 :
Terms of availability $3.95
035 ## - SYSTEM CONTROL NUMBER
System control number OCM06832852
040 ## - CATALOGING SOURCE
Original cataloging agency NCU
Transcribing agency NCU
Modifying agency LBB
049 ## -
-- LBBK
082 ## - DEWEY DECIMAL CLASSIFICATION NUMBER
Classification number 272.9
Item number WUR
092 ## - LOCALLY ASSIGNED DEWEY CALL NUMBER (OCLC)
Item number W 968
100 10 - MAIN ENTRY--PERSONAL NAME
Personal name Wurmbrand, Michael.
9 (RLIN) 6367
245 10 - TITLE STATEMENT
Title Between hammer and sickle /
Statement of responsibility, etc. Michael Wurmbrand.
260 0# - PUBLICATION, DISTRIBUTION, ETC.
Place of publication, distribution, etc. Glendale, Calif. :
Name of publisher, distributor, etc. Diane Pub. Co.,
Date of publication, distribution, etc. c1972.
300 ## - PHYSICAL DESCRIPTION
Extent 172 p.
Dimensions 21 cm.
500 ## - GENERAL NOTE
General note Autobiographical.
500 ## - GENERAL NOTE
General note Published in England under title: Christ or the Red flag.
650 #0 - SUBJECT ADDED ENTRY--TOPICAL TERM
Topical term or geographic name entry element Persecution
Geographic subdivision Romania.
9 (RLIN) 5059
650 #0 - SUBJECT ADDED ENTRY--TOPICAL TERM
Topical term or geographic name entry element Communism and Christianity.
9 (RLIN) 2557
740 01 -
-- Christ or the Red flag.
942 ## - ADDED ENTRY ELEMENTS (KOHA)
Source of classification or shelving scheme Dewey Decimal Classification
Koha item type Books
Koha issues (borrowed), all copies 1
Holdings
Withdrawn status Lost status Source of classification or shelving scheme Damaged status Not for loan Home library Current Library Shelving location Date acquired Total checkouts Full call number Barcode Date last seen Date last checked out Copy number Price effective from Koha item type
    Dewey Decimal Classification     GRACE BIBLE COLLEGE GRACE BIBLE COLLEGE Church History 2017-10-17 1 272.9 WUR 003540 2025-05-01 2021-03-11 c.1 2017-10-17 Books
    Dewey Decimal Classification     GRACE BIBLE COLLEGE GRACE BIBLE COLLEGE Church History 2018-01-17   272.9 WUR 003541 2025-05-01   c.2 2018-01-17 Books
© Grace Bible College Library 2025